000 00770nam a22001937a 4500
003 UA-OsUOA
001 47362
007 ta
008 20120612b un ||||| |||| 00| 0 ukr d
090 _a050
_bП20
942 _cMG
040 _aUA-OsUOA
_bukr
_cUA-OsUOA
_dUA-OsUOA
245 _aПатріярхат
_b1997: № 1-12; 1998: № 1-12; 1991: № 1-12; 2000: 1-12; 2001: № 1-6; 2002: № 1-6; 2004: 2, 3, 4; 2005: № 2-6; 2006: № 1-6; 2007: 1-6; 2008: № 1-6; 2009: № 1-6; 2010: № 1-6; 2011: № 1-6
955 _a4
041 _aukr
080 _a050
650 7 _a050 Серійні публікації. Періодика галузі, Організація та інші типи поєднання (співробітництва)
_2UDC
999 _c427463
_d427463